000 00704nam a2200241Ia 4500
003 OSt
005 20220924113123.0
006 a|||||r|||| 00| 0
007 ta
008 220923b |||||||| |||| 00| 0 eng d
024 _a60488
037 _cDictionary
040 _aARTS
_cARTS
_beng
041 _2eng
_aeng
082 _aP1511:4k, 1511L4.1
100 _aBhaskar Bhagchandra Jain ed
_9169514
245 0 _aPalikosasangaha
_b a collection of Pali cographies
260 _aNagpur
_bAlok Prakashan
_c1974
300 _a23,192p.
_ccm.
650 _aLINGUISTICS
942 _hP1511:4k, 1511L4.1
_cdic
_2cc
999 _c389291
_d389291